书目信息 |
| 题名: |
分形几何学及应用
|
|
| 作者: | 王兴元 , 孟娟 著 | |
| 分册: | 上册 | |
| 出版信息: | 北京 科学出版社 2016.01 |
|
| 页数: | 547页,[24]页图版 | |
| 开本: | 24cm | |
| 丛书名: | ||
| 单 册: | ||
| 中图分类: | O415.5 | |
| 科图分类: | ||
| 主题词: | 分形学 | |
| 电子资源: | ||
| ISBN: | 978-7-03-042475-4 | |
| 000 | 00932nam0 2200253 450 | |
| 001 | 0120161790582 | |
| 005 | 20170424082646.90 | |
| 010 | @a978-7-03-042475-4@dCNY278.00 | |
| 100 | @a20160308d2016 em y0chiy50 ea | |
| 101 | 0 | @achi |
| 102 | @aCN@b110000 | |
| 105 | @aafk z 000yy | |
| 106 | @ar | |
| 200 | 1 | @a分形几何学及应用@9fen xing ji he xue ji ying yong@h上册@f王兴元,孟娟著 |
| 210 | @a北京@c科学出版社@d2016.01 | |
| 215 | @a547页,[24]页图版@c图@d24cm | |
| 330 | @a本书详细介绍了分形几何学中具有重要地位的M-J集的生成机理,探索了M-J集发展、演化、控制、应用的规律,用动力系统的观点对M-J集的复杂性进行了刻画。主要内容包括:分形几何学的基本理论;序列和映射中的分形与混沌等6章。 | |
| 333 | @a自然科学和工程技术领域研究人员 | |
| 606 | 0 | @a分形学 |
| 690 | @aO415.5@v5 | |
| 701 | 0 | @a王兴元@9wang xing yuan@4著 |
| 701 | 0 | @a孟娟@9meng juan@4著 |
| 801 | 0 | @aCN@b人天书店@c20160308 |
| 905 | @b988374-76@dO415.5@e104:1@f3 | |
| 分形几何学及应用.上册/王兴元,孟娟著.-北京:科学出版社,2016.01 |
| 547页,[24]页图版:图;24cm |
| 使用对象:自然科学和工程技术领域研究人员 |
| ISBN 978-7-03-042475-4:CNY278.00 |
| 本书详细介绍了分形几何学中具有重要地位的M-J集的生成机理,探索了M-J集发展、演化、控制、应用的规律,用动力系统的观点对M-J集的复杂性进行了刻画。主要内容包括:分形几何学的基本理论;序列和映射中的分形与混沌等6章。 |
| ● |
| 相关链接 |
|
|
|
|
正题名:分形几何学及应用
索取号:O415.5/104:1
 
预约/预借
| 序号 | 登录号 | 条形码 | 馆藏地/架位号 | 状态 | 备注 |
| 1 | 988374 | 209883740 | 第二样本阅览室/ [索取号:O415.5/104:1] | 在馆 | |
| 2 | 988375 | 209883759 | 第三借阅区/ [索取号:O415.5/104:1] | 在馆 | |
| 3 | 988376 | 209883768 | 数信系资料室/ [索取号:O415.5/104:1] | 在馆 |